[Event "St Petersburg Korchnoi Memorial op"]
[Site "St Petersburg"]
[Date "2019.08.21"]
[Round "8"]
[White "Martynyuk, Elizaveta"]
[Black "Fonichkin, Egor"]
[Result "0-1"]
[WhiteElo "2134"]
[BlackElo "1840"]
[PlyCount "116"]
[EventDate "2019.08.14"]
[EventType "swiss"]
[EventRounds "9"]
[EventCountry "RUS"]
[SourceTitle "CBM 192"]
[Source "ChessBase"]
[SourceDate "2019.10.31"]
[SourceVersion "1"]
[SourceVersionDate "2019.10.31"]
[SourceQuality "1"]

1. e4 d6 2. d4 Nf6 3. Nc3 c6 4. f4 Qa5 5. Nf3 Nxe4 6. Bd3 Nxc3 7. bxc3 Bg4 8. Bd2 Nd7 9. 0-0 0-0-0 10. h3 Bxf3 11. Rxf3 f6 12. f5 c5 13. Rb1 Qc7 14. Bc4 Kb8 15. Be6 g6 16. Qe2 gxf5 17. Rxf5 h5 18. Rxh5 Rxh5 19. Qxh5 cxd4 20. cxd4 Qxc2 21. Qb5 Nb6 22. Rb2 Qe4 23. d5 Qd4+ 24. Kh1 f5 25. Qb4 Qd3 26. Qb5 Qd4 27. Qb4 Qd3 28. Bf4 Bg7 29. Rb3 Qf1+ 30. Kh2 Qa1 31. h4 Rh8 32. Rh3 Bd4 33. Qd2 Rh7 34. h5 Qg1+ 35. Kg3 Rg7+ 36. Bg5 Be3 37. Qb2 Rxg5+ 38. Kf3 Bd4 39. Qe2 Qc1 40. Qd3 Be5 41. g3 Qe1 42. Kg2 f4 43. g4 Qa1 44. Qc2 Qb2 45. Qxb2 Bxb2 46. h6 Nxd5 47. Kf3 Nc7 48. Bf5 e6 49. Bb1 Ra5 50. h7 Ra3+ 51. Kg2 Rxh3 52. Kxh3 Bh8 53. g5 Kc8 54. Kg4 Kd7 55. Kxf4 Ke7 56. Bg6 Nd5+ 57. Ke4 Nc3+ 58. Kd3 Nxa2 0-1

[Event "St Petersburg Korchnoi Memorial op"]
[Site "St Petersburg"]
[Date "2019.08.19"]
[Round "6"]
[White "Kundianok, Vladislav"]
[Black "Fonichkin, Egor"]
[Result "1-0"]
[WhiteElo "2123"]
[BlackElo "1840"]
[PlyCount "55"]
[EventDate "2019.08.14"]
[EventType "swiss"]
[EventRounds "9"]
[EventCountry "RUS"]
[SourceTitle "CBM 192"]
[Source "ChessBase"]
[SourceDate "2019.10.31"]
[SourceVersion "1"]
[SourceVersionDate "2019.10.31"]
[SourceQuality "1"]

1. e4 d6 2. d4 Nf6 3. Nc3 c6 4. f3 e5 5. Be3 Be7 6. Qd2 Nbd7 7. 0-0-0 Qc7 8. g4 h6 9. h4 b6 10. Bh3 Nh7 11. g5 h5 12. f4 exf4 13. Bxf4 Nhf8 14. Nf3 Ng6 15. Bg3 Ba6 16. e5 0-0 17. Qh2 dxe5 18. Ne4 Rfd8 19. dxe5 Nc5 20. e6 Qb7 21. exf7+ Kxf7 22. Bf5 Nf8 23. Ne5+ Kg8 24. Qg2 Nxe4 25. Bxe4 Rxd1+ 26. Rxd1 Rc8 27. Bxc6 Qc7 28. Bd5+ 1-0

[Event "Nezhmetdinov Memorial 40th"]
[Site "Kazan"]
[Date "2018.09.18"]
[Round "6"]
[White "Fonichkin, Egor"]
[Black "Mochalin, Faddey"]
[Result "0-1"]
[WhiteElo "1692"]
[BlackElo "2100"]
[PlyCount "92"]
[EventDate "2018.09.13"]
[EventType "swiss"]
[EventRounds "9"]
[EventCountry "RUS"]
[SourceTitle "CBM 186 Extra"]
[Source "ChessBase"]
[SourceDate "2018.08.24"]
[SourceVersion "1"]
[SourceVersionDate "2018.08.24"]
[SourceQuality "1"]

1. g3 d5 2. Nf3 Bg4 3. Bg2 Nd7 4. d4 Ngf6 5. Ne5 Bf5 6. 0-0 e6 7. Bf4 Be7 8. Nd2 0-0 9. c4 c6 10. Qb3 Qb6 11. Qxb6 axb6 12. cxd5 exd5 13. Bg5 h6 14. Bxf6 Nxf6 15. a3 Ra4 16. e3 b5 17. Nb1 Rfa8 18. Nc3 R4a6 19. Rac1 b4 20. axb4 Bxb4 21. h3 Kf8 22. g4 Bh7 23. h4 Ne8 24. g5 hxg5 25. hxg5 Nd6 26. Nd7+ Ke8 27. Ne5 Bf5 28. f3 f6 29. gxf6 gxf6 30. e4 fxe5 31. dxe5 Bc5+ 32. Kh2 Be3 33. Rce1 d4 34. exd6 Be6 35. f4 Bc4 36. Ne2 Ra2 37. Bf3 Rxb2 38. Kg3 Raa2 39. Nc1 Bxf1 40. Rxf1 Ra1 41. Rh1 Rxc1 42. Rh8+ Kd7 43. e5 Rg1+ 44. Kh3 Bxf4 45. Rh7+ Ke6 46. Bg4+ Kxe5 0-1

[Event "Nezhmetdinov Memorial 40th"]
[Site "Kazan"]
[Date "2018.09.16"]
[Round "4"]
[White "Fonichkin, Egor"]
[Black "Rafikov, Danis"]
[Result "1-0"]
[WhiteElo "1692"]
[BlackElo "1307"]
[PlyCount "83"]
[EventDate "2018.09.13"]
[EventType "swiss"]
[EventRounds "9"]
[EventCountry "RUS"]
[SourceTitle "CBM 186 Extra"]
[Source "ChessBase"]
[SourceDate "2018.08.24"]
[SourceVersion "1"]
[SourceVersionDate "2018.08.24"]
[SourceQuality "1"]

1. d4 d5 2. Nc3 e6 3. e4 dxe4 4. Nxe4 Be7 5. Nf3 Nf6 6. Bd3 Nbd7 7. c3 Nxe4 8. Bxe4 Nf6 9. Bc2 b6 10. Ne5 Bd7 11. 0-0 0-0 12. Re1 c5 13. Bg5 Bb5 14. Bxf6 Bxf6 15. dxc5 Qxd1 16. Raxd1 bxc5 17. a4 Ba6 18. Nd7 Rfc8 19. Be4 Rab8 20. Nxb8 Rxb8 21. Rd7 g6 22. Rxa7 Bc4 23. Ra8 Rxa8 24. Bxa8 Bb3 25. a5 Bd8 26. a6 Bb6 27. Ra1 Ba7 28. Bb7 Kg7 29. Ra3 Bc4 30. b4 cxb4 31. cxb4 Kf6 32. Rc3 Bb5 33. Bc8 Bb6 34. Ra3 Ba7 35. Ra5 Bc4 36. b5 Bd5 37. Bb7 Bc4 38. b6 Bxb6 39. a7 Bxa7 40. Rxa7 Ke5 41. Ba6 Bd5 42. Rxf7 1-0

[Event "Nezhmetdinov Memorial 40th"]
[Site "Kazan"]
[Date "2018.09.13"]
[Round "1"]
[White "Danielyan, Vahe"]
[Black "Fonichkin, Egor"]
[Result "1-0"]
[WhiteElo "2249"]
[BlackElo "1692"]
[PlyCount "53"]
[EventDate "2018.09.13"]
[EventType "swiss"]
[EventRounds "9"]
[EventCountry "RUS"]
[SourceTitle "CBM 186 Extra"]
[Source "ChessBase"]
[SourceDate "2018.08.24"]
[SourceVersion "1"]
[SourceVersionDate "2018.08.24"]
[SourceQuality "1"]

1. e4 d6 2. d4 Nf6 3. Nc3 c6 4. Nf3 Bg4 5. h3 Bh5 6. Be3 e6 7. Bd3 Bg6 8. Qe2 Be7 9. 0-0-0 Nbd7 10. g4 h5 11. g5 Nh7 12. Rhg1 Qa5 13. Nh4 Bxg5 14. Nxg6 fxg6 15. f4 Be7 16. Rxg6 0-0-0 17. Rxg7 Bf6 18. Rxh7 Rxh7 19. e5 Rhh8 20. exf6 Nxf6 21. Bf2 Kd7 22. Bh4 Rdf8 23. Re1 Kc7 24. Qxe6 Nd7 25. Be7 Re8 26. Bxd6+ Kb6 27. Qb3+ 1-0